LEADER 01355nam a2200277 i 4500 001 000000129535 003 CaOOAMICUS 005 20110124000000.0 008 110124s2004 gw u000 u ger u 013 $a102268 020 $a3-402-4069-7 040 $aSeMil$bita 100 1 $aBärsch, Jürgen,$d<1959- >.$0(OLS)http://semarc/name/53707 245 10$aAllerseelen :$bStudien zu Liturgie und Brauchtum eines Totengedenktages in der abendländischen Kirche /$cJürgen Bärsch. 260 $aMünster :$bAschendorff,$c2004. 300 $aXCIII, 516 p. ;$c23 cm. 490 0 $aLiturgiewissenschaftliche Quellen und Forschungen ;$v90 650 4$aLiturgia dei defunti - Commenti e studi.$0(OLS)http://semarc/subject/20913 650 4$aLiturgia dei defunti - Teologia.$0(OLS)http://semarc/subject/25597 830 0$aLiturgiewissenschaftliche Quellen und Forschungen ;$v90.$0(OLS)http://semarc/title/188 850 $aSeMil 852 $aSeMil$W1$xVenegono$y1$m3KA D 90$j223628$B83651$CSeMilBibl$Z2$F86964 $81 961 $aSottoscrizione: Aschendorff 996 $6020$a3-402-4069-7$9(OLS)http://semarc/number/116314 996 $6245$aAllerseelen :$bStudien zu Liturgie und Brauchtum eines Totengedenktages in der abendländischen Kirche$9(OLS)http://semarc/title/191159 996 $6260$aMünster :$bAschendorff$9(OLS)http://semarc/publisher/29674 LEADER 01244nas a2200229 i 4500 001 000000237968 003 CaOOAMICUS 005 20150116000000.0 008 150116b1888 it uu u0 0ita r 013 $a216873 040 $aSeMil$bita 245 10$aIllustrazioni cattoliche :$bossia pagine di erudizione religiosa e civile precedute dalla vita del sommo pontefice Leone 13. in omaggio al suo giubileo sacerdotale /$ccompilazione della Palestra del Clero per Quintilio Benini. 260 $aRoma :$b[s.n.],$c1888. 300 $a464 p. :$bill. ;$c23 cm. 650 4$aLeone XIII - Celebrativi.$0(OLS)http://semarc/subject/37439 700 1 $aBenini, Quintilio.$0(OLS)http://semarc/name/81140 773 0 $tIllustrazioni cattoliche.$dRoma : [s.n.], 1886-1890.$x1594-6495$w()31257 850 $aSeMil 852 $aSeMil$W1$xVenegono$y1$m3C III 50 FA$j188314$B188314$CSeMilBibl$Z2$F199117 $8I 961 $aRecupero: Giobbi Adolfo, prof. 996 $6245$aIllustrazioni cattoliche :$bossia pagine di erudizione religiosa e civile precedute dalla vita del sommo pontefice Leone 13. in omaggio al suo giubileo sacerdotale$9(OLS)http://semarc/title/339189 996 $6260$aRoma :$b[s.n.]$9(OLS)http://semarc/publisher/29738